<?xml version="1.0" encoding="UTF-8"?>
<record
    xmlns:xsi="http://www.w3.org/2001/XMLSchema-instance"
    xsi:schemaLocation="http://www.loc.gov/MARC21/slim http://www.loc.gov/standards/marcxml/schema/MARC21slim.xsd"
    xmlns="http://www.loc.gov/MARC21/slim">

  <leader>00496nam a2200145Ia 4500</leader>
  <controlfield tag="008">100204s9999    xx            000 0 und d</controlfield>
  <datafield tag="082" ind1=" " ind2=" ">
    <subfield code="b">6739</subfield>
  </datafield>
  <datafield tag="100" ind1=" " ind2=" ">
    <subfield code="a">&#x92D;&#x93E;&#x935;&#x947;   &#x939;.  &#x905;.  &#x92D;&#x93E;&#x937;&#x93E;&#x902;.</subfield>
  </datafield>
  <datafield tag="245" ind1=" " ind2=" ">
    <subfield code="a">&#x92E;&#x941;&#x932;&#x93E;&#x902;&#x91A;&#x947; &#x92A;&#x902;&#x91A;&#x924;&#x902;&#x924;&#x94D;&#x930;</subfield>
  </datafield>
  <datafield tag="260" ind1=" " ind2=" ">
    <subfield code="b">"&#x935;&#x930;&#x926;&#x93E;   &#x92C;&#x941;&#x915;&#x94D;&#x938;   , &#x92A;&#x941;&#x923;&#x947;"</subfield>
    <subfield code="c">1982 re</subfield>
  </datafield>
  <datafield tag="300" ind1=" " ind2=" ">
    <subfield code="a">246</subfield>
  </datafield>
  <datafield tag="630" ind1=" " ind2=" ">
    <subfield code="a">&#x92E;&#x941;&#x932;&#x93E;&#x902;&#x91A;&#x947; &#x92A;&#x902;&#x91A;&#x924;&#x902;&#x924;&#x94D;&#x930;</subfield>
  </datafield>
  <datafield tag="730" ind1=" " ind2=" ">
    <subfield code="a">&#x92E;&#x941;&#x932;&#x93E;&#x902;&#x91A;&#x947; &#x92A;&#x902;&#x91A;&#x924;&#x902;&#x924;&#x94D;&#x930;</subfield>
  </datafield>
  <datafield tag="942" ind1=" " ind2=" ">
    <subfield code="c">BOOK</subfield>
  </datafield>
  <datafield tag="999" ind1=" " ind2=" ">
    <subfield code="c">451177</subfield>
    <subfield code="d">451174</subfield>
  </datafield>
  <datafield tag="952" ind1=" " ind2=" ">
    <subfield code="0">0</subfield>
    <subfield code="1">0</subfield>
    <subfield code="4">0</subfield>
    <subfield code="7">0</subfield>
    <subfield code="a">NCKMULUND</subfield>
    <subfield code="b">NCKMULUND</subfield>
    <subfield code="d">2010-02-04</subfield>
    <subfield code="g">12.00</subfield>
    <subfield code="l">0</subfield>
    <subfield code="o">6739</subfield>
    <subfield code="p">NCKMULUND-6739</subfield>
    <subfield code="r">2010-02-04 00:00:00</subfield>
    <subfield code="v">12.00</subfield>
    <subfield code="w">2010-02-04</subfield>
    <subfield code="y">BOOK</subfield>
  </datafield>
</record>
